Politická ekonómia kapitalizmu

Saved in:
Bibliographic Details
Main Author: Rapoš, Pavol
Corporate Author: Vysoká škola ekonomická v Bratislave. Národohospodárska fakulta
Other Authors: Beňová, Elena, Dušátko, Karol, Fogel, Jozef, Hontyová, Kajetána, Hrvoľová, Božena, Masárová, Helena, Melišová, Mária, Šíbl, Drahoš, Zbruž, Vladislav, Iša, Ján
Format: Book
Language:Slovak
Published: Bratislava VŠE 1985
Edition:2. preprac. vyd.
Tags: Add Tag
No Tags, Be the first to tag this record!

MARC

LEADER 00000nam a2200000 4500
001 c110694
005 20230113074632.7
041 0 |a slo 
044 |a SK 
245 1 0 |a Politická ekonómia kapitalizmu  |c kolektív 
250 |a 2. preprac. vyd. 
264 1 |a Bratislava  |b VŠE  |c 1985 
300 |a 520 s. 
100 1 |a Rapoš, Pavol 
700 1 |a Beňová, Elena 
700 1 |a Dušátko, Karol 
700 1 |a Fogel, Jozef 
700 1 |a Hontyová, Kajetána 
700 1 |a Hrvoľová, Božena 
700 1 |a Masárová, Helena 
700 1 |a Melišová, Mária 
700 1 |a Šíbl, Drahoš 
700 1 |a Zbruž, Vladislav 
700 1 |a Iša, Ján 
710 2 |a Vysoká škola ekonomická v Bratislave. Národohospodárska fakulta